[Event "Biel GM2 Blitz 58th"]
[Site "Biel"]
[Date "2025.07.20"]
[Round "7"]
[White "Jumabayev, Rinat"]
[Black "Ma, Qun"]
[Result "0-1"]
[WhiteElo "2546"]
[BlackElo "2615"]
[PlyCount "198"]
[EventDate "2025.07.20"]
[EventType "tourn (blitz)"]
[EventRounds "10"]
[EventCountry "SUI"]
[EventCategory "15"]
[SourceTitle "CB30_2025"]
[SourceDate "2025.07.23"]
[SourceVersion "1"]
[SourceVersionDate "2025.07.23"]
[SourceQuality "1"]

1. d4 Nf6 2. c4 e6 3. Nf3 d5 4. g3 Bb4+ 5. Bd2 Be7 6. Bg2 0-0 7. 0-0 c6 8. Qc2 Nbd7 9. Rd1 a5 10. Bf4 Nh5 11. Bc1 a4 12. a3 f5 13. Nc3 Qa5 14. Bg5 Bd6 15. c5 Bc7 16. e3 e5 17. Be7 Re8 18. Bd6 Bxd6 19. cxd6 e4 20. Nd2 Nhf6 21. b3 axb3 22. Nxb3 Qd8 23. Nc5 Nf8 24. Rdb1 b6 25. N5a4 b5 26. Nc5 Qxd6 27. a4 bxa4 28. N3xa4 Rb8 29. Rxb8 Qxb8 30. Rb1 Qc7 31. Qb2 N8d7 32. Bh3 g6 33. Bf1 Kg7 34. Qc3 Kh6 35. Rc1 Nf8 36. Rb1 g5 37. Nb6 Be6 38. Nba4 Bc8 39. Nb6 Ne6 40. Nxc8 Qxc8 41. Ba6 Qd8 42. Bb7 Nxc5 43. Qxc5 Re6 44. Bxc6 Qc8 45. Rc1 f4 46. Bxd5 Qxc5 47. Rxc5 Rd6 48. Bc4 f3 49. h4 g4 50. Bf1 Kg6 51. Rc1 Rb6 52. Rd1 Kf7 53. Bc4+ Ke7 54. Ra1 Rb2 55. Ra7+ Kd8 56. Ra1 Rc2 57. Be6 Ke7 58. Bf5 Rc7 59. Rd1 h6 60. Rb1 Ra7 61. Rc1 Ra5 62. Bc8 Kd6 63. Bb7 Rb5 64. Bc8 Rb2 65. Kf1 h5 66. Kg1 Re2 67. Bf5 Rb2 68. Ra1 Rb5 69. Ra6+ Ke7 70. Ra7+ Kd8 71. Ra8+ Kc7 72. Be6 Rb6 73. Bc4 Rc6 74. Ra4 Nd7 75. Ra7+ Kb8 76. Rxd7 Rxc4 77. Rd5 Rc1+ 78. Kh2 Rf1 79. Rb5+ Kc7 80. Rb2 Kc6 81. Rc2+ Kb5 82. Rd2 Kc6 83. Rc2+ Kd6 84. Ra2 Rc1 85. Ra6+ Kc7 86. Ra2 Kc6 87. Rb2 Rd1 88. Rc2+ Kb5 89. Rc5+ Kb4 90. Rxh5 Rf1 91. Rg5 Rxf2+ 92. Kh1 Kc4 93. d5 Rd2 94. Kg1 Kd3 95. h5 Kxe3 96. h6 Rd1+ 97. Kh2 f2 98. Rf5 f1Q 99. Rxf1 Rxf1 0-1

[Event "Biel GM2 Blitz 58th"]
[Site "Biel"]
[Date "2025.07.20"]
[Round "9"]
[White "Ma, Qun"]
[Black "Navara, David"]
[Result "0-1"]
[WhiteElo "2615"]
[BlackElo "2662"]
[PlyCount "104"]
[EventDate "2025.07.20"]
[EventType "tourn (blitz)"]
[EventRounds "10"]
[EventCountry "SUI"]
[EventCategory "15"]
[SourceTitle "CB30_2025"]
[SourceDate "2025.07.23"]
[SourceVersion "1"]
[SourceVersionDate "2025.07.23"]
[SourceQuality "1"]

1. e4 e5 2. Nf3 Nc6 3. Bb5 Nf6 4. 0-0 Nxe4 5. d4 Nd6 6. Bg5 Be7 7. Bxe7 Qxe7 8. Nxe5 0-0 9. Re1 Qh4 10. Nf3 Qh5 11. Bd3 b6 12. Nbd2 Bb7 13. c3 Rae8 14. Qc2 f6 15. h3 Ne7 16. Qa4 Bc6 17. Qb3+ Qf7 18. c4 Ng6 19. c5 Bd5 20. Qc2 Nb7 21. b4 Nd8 22. a3 Ne6 23. Bc4 Nef4 24. h4 Ne7 25. g3 Bxc4 26. Qxc4 Qxc4 27. Nxc4 Nfd5 28. Ne3 h5 29. Kf1 Kf7 30. b5 Nxe3+ 31. Rxe3 Nd5 32. Rxe8 Rxe8 33. a4 a6 34. cxb6 cxb6 35. Rb1 Ra8 36. Nd2 Nc3 37. Rc1 Nxa4 38. bxa6 Rxa6 39. Rc7 Ke6 40. Rc8 b5 41. Rg8 Kf7 42. Rd8 Nb6 43. Rb8 Nc4 44. Ne4 Re6 45. Nc3 Nd2+ 46. Kg2 Ne4 47. Nxb5 Rc6 48. Kf3 d5 49. Rb7+ Kg6 50. Nc7 Rc3+ 51. Kf4 Nxf2 52. g4 Nh3# 0-1

[Event "Tashkent UzChess Challengers 2nd"]
[Site "Tashkent"]
[Date "2025.06.24"]
[Round "6"]
[White "Ma, Qun"]
[Black "Abasov, Nijat Azad"]
[Result "1/2-1/2"]
[WhiteElo "2630"]
[BlackElo "2594"]
[PlyCount "111"]
[EventDate "2025.06.18"]
[EventType "tourn"]
[EventRounds "9"]
[EventCountry "UZB"]
[EventCategory "13"]
[SourceTitle "CB27_2025"]
[SourceDate "2025.07.02"]
[SourceVersion "1"]
[SourceVersionDate "2025.07.02"]
[SourceQuality "1"]

1. e4 e5 2. Nf3 Nf6 3. d4 Nxe4 4. dxe5 d5 5. Nbd2 Be7 6. Nxe4 dxe4 7. Qxd8+ Bxd8 8. Nd4 Nd7 9. Bf4 g5 10. Bg3 h5 11. h3 h4 12. Bh2 Nc5 13. 0-0-0 c6 14. Bc4 Bb6 15. Rhe1 a5 16. e6 Bxe6 17. Bxe6 fxe6 18. Bd6 0-0-0 19. Bxc5 Bxc5 20. Nxe6 Bxf2 21. Rxe4 Rde8 22. Rf1 Rh6 23. Rxf2 Rhxe6 24. Rxe6 Rxe6 25. Rf5 g4 26. Rf4 gxh3 27. gxh3 Re2 28. Rxh4 Rh2 29. a4 Kc7 30. Rh5 Kb6 31. b3 Rh1+ 32. Kb2 Rh2 33. Kc3 Rg2 34. Rh8 Kc5 35. h4 Rg3+ 36. Kb2 Rh3 37. h5 Kb6 38. h6 Kc5 39. h7 Kb6 40. Kc1 Rh2 41. Kd1 Kc5 42. c3 Kb6 43. Ke1 Ka7 44. Kf1 Rh6 45. Kf2 Rf6+ 46. Ke3 Rh6 47. Kf4 Rh1 48. Kf5 Rf1+ 49. Ke6 Re1+ 50. Kd6 Rh1 51. Kc5 Rh5+ 52. Kd6 Rh1 53. Kc7 Rh2 54. b4 axb4 55. cxb4 Rh1 56. b5 1/2-1/2

[Event "Tashkent UzChess Challengers 2nd"]
[Site "Tashkent"]
[Date "2025.06.20"]
[Round "2"]
[White "Ma, Qun"]
[Black "Sivuk, Vitaly"]
[Result "1/2-1/2"]
[WhiteElo "2630"]
[BlackElo "2522"]
[PlyCount "118"]
[EventDate "2025.06.18"]
[EventType "tourn"]
[EventRounds "9"]
[EventCountry "UZB"]
[EventCategory "13"]
[SourceTitle "CB27_2025"]
[SourceDate "2025.07.02"]
[SourceVersion "1"]
[SourceVersionDate "2025.07.02"]
[SourceQuality "1"]

1. e4 e5 2. Nf3 Nc6 3. Bb5 a6 4. Ba4 Nf6 5. 0-0 Be7 6. Re1 b5 7. Bb3 0-0 8. d4 d6 9. c3 Bg4 10. Be3 Bh5 11. Nbd2 Na5 12. Bc2 Ng4 13. b4 Nc6 14. h3 Nxe3 15. fxe3 Nb8 16. a4 Nd7 17. Qe2 c6 18. Ra3 Qc7 19. Rea1 Nb6 20. axb5 axb5 21. Rxa8 Rxa8 22. Rxa8+ Nxa8 23. Bb3 Nb6 24. Qf1 h6 25. Qa1 exd4 26. exd4 d5 27. Qe1 Kf8 28. e5 Bg6 29. Qd1 Qa7 30. Bc2 Bxc2 31. Qxc2 g6 32. Qc1 Kg7 33. Kh2 Qa2 34. h4 Na4 35. h5 Qb2 36. Qxb2 Nxb2 37. hxg6 Kxg6 38. Nb3 Na4 39. Na5 Nxc3 40. Nxc6 Bf8 41. Nh4+ Kg5 42. Kh3 Ne4 43. g3 Kh5 44. Ng2 Ng5+ 45. Kh2 Nf3+ 46. Kh1 Kg4 47. Ne3+ Kxg3 48. Nxd5 h5 49. Nf6 Kf4 50. Nxh5+ Kf5 51. Kg2 Nxd4 52. Ng3+ Kf4 53. Nxd4 Bxb4 54. Nc6 Ba3 55. Ne2+ Ke3 56. Nc3 b4 57. Nd5+ Ke4 58. e6 fxe6 59. Ndxb4 Bxb4 1/2-1/2

[Event "Chessable Masters Play In"]
[Site "Chess.com INT"]
[Date "2025.02.17"]
[Round "8"]
[White "Le, Quang Liem"]
[Black "Ma, Qun"]
[Result "0-1"]
[WhiteElo "2739"]
[BlackElo "2645"]
[PlyCount "78"]
[EventDate "2025.02.17"]
[EventType "swiss (blitz)"]
[EventRounds "9"]
[EventCountry "USA"]
[SourceTitle "CB08_2025"]
[SourceDate "2025.02.19"]
[SourceVersion "1"]
[SourceVersionDate "2025.02.19"]
[SourceQuality "1"]

1. Nf3 d5 2. e3 c5 3. b3 Nf6 4. Bb2 g6 5. c4 dxc4 6. Bxc4 Bg7 7. 0-0 0-0 8. Qe2 Nc6 9. Rd1 Bd7 10. Nc3 Qa5 11. d4 cxd4 12. Nxd4 Rfd8 13. h3 a6 14. a3 b5 15. b4 Qb6 16. Bb3 Rac8 17. Nf3 Be8 18. e4 e6 19. e5 Nd7 20. Ne4 Ndxe5 21. Nd6 Nxf3+ 22. gxf3 Rxd6 23. Rxd6 Nd4 24. Bxd4 Qxd6 25. Bc5 Qf4 26. Rd1 Be5 27. Qe3 Bc6 28. Qxf4 Bxf4 29. Kg2 Kg7 30. Bd4+ Kh6 31. h4 g5 32. hxg5+ Kxg5 33. Bc2 Bxf3+ 34. Kxf3 Rxc2 35. Rg1+ Kf5 36. Rg7 f6 37. Rxh7 e5 38. Bc5 e4+ 39. Kg2 e3 0-1

[Event "Chessable Masters Play In"]
[Site "Chess.com INT"]
[Date "2025.02.17"]
[Round "9"]
[White "Ma, Qun"]
[Black "Aronian, Levon"]
[Result "0-1"]
[WhiteElo "2645"]
[BlackElo "2745"]
[PlyCount "64"]
[EventDate "2025.02.17"]
[EventType "swiss (blitz)"]
[EventRounds "9"]
[EventCountry "USA"]
[SourceTitle "CB08_2025"]
[SourceDate "2025.02.19"]
[SourceVersion "1"]
[SourceVersionDate "2025.02.19"]
[SourceQuality "1"]

1. d4 Nf6 2. c4 e6 3. Nf3 c5 4. d5 b5 5. dxe6 fxe6 6. cxb5 d5 7. Nc3 Nbd7 8. e4 Bb7 9. exd5 exd5 10. Bd3 Qe7+ 11. Qe2 d4 12. Na4 Bxf3 13. gxf3 Qxe2+ 14. Bxe2 Bd6 15. Bg5 0-0 16. 0-0 Nh5 17. Bc4+ Kh8 18. Bd5 Rab8 19. Rae1 Rf5 20. Bh4 Rxd5 21. Bg3 Nxg3 22. hxg3 Re5 23. f4 Rxe1 24. Rxe1 Kg8 25. Re6 Bf8 26. Ra6 Nb6 27. Nxb6 Rxb6 28. Rxa7 Rxb5 29. b3 Rb6 30. Kf1 Re6 31. Rd7 g6 32. Rd5 Ra6 0-1

[Event "Chessable Masters Play In"]
[Site "Chess.com INT"]
[Date "2025.02.17"]
[Round "5"]
[White "Pichot, Alan"]
[Black "Ma, Qun"]
[Result "1/2-1/2"]
[WhiteElo "2613"]
[BlackElo "2645"]
[PlyCount "163"]
[EventDate "2025.02.17"]
[EventType "swiss (blitz)"]
[EventRounds "9"]
[EventCountry "USA"]
[SourceTitle "CB08_2025"]
[SourceDate "2025.02.19"]
[SourceVersion "1"]
[SourceVersionDate "2025.02.19"]
[SourceQuality "1"]

1. e4 e5 2. Nf3 Nc6 3. Bc4 Bc5 4. 0-0 Nf6 5. d3 d6 6. c3 a5 7. h3 0-0 8. Be3 Bxe3 9. fxe3 Be6 10. Bxe6 fxe6 11. Nbd2 d5 12. a4 h6 13. Qb3 b6 14. Rf2 Kh7 15. Raf1 Qd6 16. Qc2 Kg8 17. g4 dxe4 18. dxe4 Qc5 19. Qb3 Rae8 20. Qb5 Nd7 21. Qe2 Qd6 22. Rg2 g6 23. g5 h5 24. Nh4 Rxf1+ 25. Nxf1 Nf8 26. Ng3 Rd8 27. Kh2 Qd1 28. Qc4 Rd6 29. Qa6 Qd3 30. Qc8 Qxe3 31. Nxg6 Nd8 32. Nxf8 h4 33. Ne2 Kxf8 34. Qxc7 Rd3 35. Ng1 Rd2 36. Rxd2 Qxd2+ 37. Kh1 Nf7 38. g6 Ng5 39. Qxe5 Kg8 40. Qf6 Qe3 41. Qd8+ Kg7 42. Qd4+ Qxd4 43. cxd4 Kxg6 44. Kg2 Nxe4 45. Nf3 Kh5 46. Ne5 Nd6 47. Kf3 b5 48. b3 Kg5 49. Nd3 bxa4 50. bxa4 Kf5 51. Nc5 Nc4 52. Ne4 e5 53. d5 Nb6 54. Nc3 e4+ 55. Nxe4 Nxa4 56. d6 Nb6 57. Nc5 Ke5 58. d7 Nxd7 59. Nxd7+ Kd4 60. Nb6 Kc5 61. Nd7+ Kb4 62. Nf6 a4 63. Ne4 a3 64. Nf2 Kc3 65. Ne4+ Kc2 66. Nf2 a2 67. Ng4 a1Q 68. Ne3+ Kb2 69. Nf5 Kb1 70. Kg4 Qa2 71. Nxh4 Qa3 72. Nf3 Qb3 73. h4 Qb4+ 74. Kg3 Qa4 75. h5 Qb5 76. Kg4 Qb6 77. Ng5 Qc7 78. h6 Qd8 79. h7 Qc8+ 80. Kh5 Qh8 81. Kg6 Qxh7+ 82. Kxh7 1/2-1/2

[Event "Tashkent Al Beruniy-A 2nd"]
[Site "Tashkent"]
[Date "2025.02.09"]
[Round "7"]
[White "Sargsyan, Shant"]
[Black "Ma, Qun"]
[Result "1/2-1/2"]
[WhiteElo "2660"]
[BlackElo "2645"]
[PlyCount "61"]
[EventDate "2025.02.03"]
[EventType "tourn"]
[EventRounds "9"]
[EventCountry "UZB"]
[EventCategory "14"]
[SourceTitle "CB07_2025"]
[SourceDate "2025.02.12"]
[SourceVersion "1"]
[SourceVersionDate "2025.02.12"]
[SourceQuality "1"]

1. e4 e5 2. Nf3 Nc6 3. Bb5 Nf6 4. d3 Bc5 5. c3 0-0 6. 0-0 d5 7. exd5 Qxd5 8. Bc4 Qd8 9. Nbd2 a5 10. Re1 Bf5 11. Nf1 e4 12. Be3 Bxe3 13. Nxe3 Bg6 14. dxe4 Bxe4 15. Ng4 Nxg4 16. Rxe4 Nf6 17. Re1 Qxd1 18. Raxd1 Rad8 19. Kf1 h6 20. a4 Rxd1 21. Rxd1 Rb8 22. b4 Kf8 23. b5 Rd8 24. Re1 Ne7 25. Ne5 Nfd5 26. Rc1 Ng6 27. Nxg6+ fxg6 28. Bxd5 Rxd5 29. Ke2 Ke7 30. c4 Rg5 31. Kf3 1/2-1/2

[Event "Shenzhen Nanshan"]
[Site "Shenzhen"]
[Date "2024.11.17"]
[Round "2.3"]
[White "Ma, Qun"]
[Black "Wang, Yue"]
[Result "1-0"]
[WhiteElo "2608"]
[BlackElo "2677"]
[PlyCount "121"]
[EventDate "2024.11.16"]
[EventType "k.o."]
[EventRounds "3"]
[EventCountry "CHN"]
[SourceTitle "CB47_2024"]
[SourceDate "2024.11.20"]
[SourceVersion "1"]
[SourceVersionDate "2024.11.20"]
[SourceQuality "1"]

1. e4 e5 2. Nf3 Nc6 3. Bc4 Bc5 4. c3 Nf6 5. d4 exd4 6. e5 d5 7. Bb5 Ne4 8. cxd4 Bb6 9. Nc3 0-0 10. Be3 f6 11. exf6 Nxc3 12. bxc3 Qxf6 13. 0-0 Bg4 14. Be2 Na5 15. Ne5 Bxe2 16. Qxe2 Rae8 17. f4 c6 18. Nd7 Qe7 19. Nxf8 Qxe3+ 20. Qxe3 Rxe3 21. Nd7 Rxc3 22. Nxb6 axb6 23. Rae1 Kf7 24. Re2 Rd3 25. Rfe1 Rxd4 26. Re7+ Kg6 27. g3 Re4 28. R1xe4 dxe4 29. Kf2 Kf6 30. Rc7 h5 31. Ke3 Nc4+ 32. Kxe4 Nd6+ 33. Kf3 b5 34. Rd7 Nf5 35. Rxb7 Ke6 36. h3 g6 37. g4 hxg4+ 38. hxg4 Ne7 39. Ra7 Nd5 40. a4 bxa4 41. Rxa4 Nf6 42. Ra5 Nd5 43. Ra7 Ne7 44. Ke4 Nd5 45. Rg7 Kf6 46. Rh7 Ne7 47. Rh1 Ke6 48. Rc1 Kf6 49. Kf3 Ke6 50. Kg3 Kd5 51. Kh4 c5 52. Kg5 Kd4 53. Rd1+ Kc4 54. Rd6 Kb5 55. Rd7 Nc6 56. Kxg6 c4 57. g5 c3 58. Rd1 Kc4 59. Kf6 Nb4 60. g6 Nd5+ 61. Rxd5 1-0

[Event "Shenzhen Nanshan"]
[Site "Shenzhen"]
[Date "2024.11.17"]
[Round "2.2"]
[White "Wang, Yue"]
[Black "Ma, Qun"]
[Result "1/2-1/2"]
[WhiteElo "2677"]
[BlackElo "2608"]
[PlyCount "102"]
[EventDate "2024.11.16"]
[EventType "k.o."]
[EventRounds "3"]
[EventCountry "CHN"]
[SourceTitle "CB47_2024"]
[SourceDate "2024.11.20"]
[SourceVersion "1"]
[SourceVersionDate "2024.11.20"]
[SourceQuality "1"]

1. d4 Nf6 2. c4 e6 3. Nf3 d5 4. g3 Bb4+ 5. Bd2 a5 6. Bg2 dxc4 7. Qc2 Bxd2+ 8. Qxd2 c6 9. a4 b5 10. axb5 cxb5 11. Qg5 0-0 12. Qxb5 Ba6 13. Qxa5 Bb7 14. Qxd8 Rxa1 15. Qxf8+ Kxf8 16. 0-0 Ra2 17. Ne5 Ba6 18. Nc3 Rxb2 19. Rc1 Ne8 20. Kf1 Nd6 21. Ke1 f6 22. Nc6 Nxc6 23. Bxc6 Bb7 24. Bxb7 Rxb7 25. Kd2 Rb2+ 26. Rc2 Rb3 27. Ra2 Kf7 28. Kc2 Rb6 29. h4 h5 30. Ra5 Kg6 31. e4 Kh6 32. f3 g5 33. f4 g4 34. d5 exd5 35. Nxd5 Rb3 36. Nc3 Kg6 37. f5+ Kf7 38. Ra7+ Kg8 39. Ra6 Rxc3+ 40. Kxc3 Nxe4+ 41. Kxc4 Nxg3 42. Rxf6 Kg7 43. Rg6+ Kf7 44. Rg5 Ne4 45. Rg6 Ng3 46. Rg5 Ne4 47. Rxh5 g3 48. Rh6 g2 49. Rg6 Nd6+ 50. Kd3 Nxf5 51. h5 Ng7 1/2-1/2

[Event "CHN-ch Blitz"]
[Site "Hohhot"]
[Date "2024.11.14"]
[Round "9"]
[White "Ma, Qun"]
[Black "Dai, Changren"]
[Result "1-0"]
[WhiteElo "2602"]
[BlackElo "2426"]
[PlyCount "65"]
[EventDate "2024.11.13"]
[EventType "swiss (blitz)"]
[EventRounds "9"]
[EventCountry "CHN"]
[SourceTitle "CB49_2024"]
[SourceDate "2024.12.04"]
[SourceVersion "1"]
[SourceVersionDate "2024.12.04"]
[SourceQuality "1"]

1. d4 d5 2. Bf4 Nf6 3. e3 c5 4. Nf3 e6 5. Nbd2 Bd6 6. c3 0-0 7. dxc5 Bxc5 8. Bd3 Nbd7 9. Qe2 b6 10. e4 dxe4 11. Nxe4 Bb7 12. Rd1 Nxe4 13. Bxe4 Bxe4 14. Qxe4 Nf6 15. Qa4 Qc8 16. 0-0 Qb7 17. Ne5 Rfd8 18. Qc6 Qxc6 19. Nxc6 Rxd1 20. Rxd1 a6 21. Bd6 Bxd6 22. Rxd6 Kf8 23. Kf1 b5 24. Ke2 Ke8 25. Ne5 Nd5 26. g3 a5 27. Kd3 a4 28. a3 h5 29. h4 Rb8 30. Rd7 Ne7 31. Rxe7+ Kxe7 32. Nc6+ Kd6 33. Nxb8 1-0

[Event "CHN-ch Blitz"]
[Site "Hohhot"]
[Date "2024.11.14"]
[Round "8"]
[White "Wang, Yue"]
[Black "Ma, Qun"]
[Result "1-0"]
[WhiteElo "2658"]
[BlackElo "2602"]
[PlyCount "69"]
[EventDate "2024.11.13"]
[EventType "swiss (blitz)"]
[EventRounds "9"]
[EventCountry "CHN"]
[SourceTitle "CB49_2024"]
[SourceDate "2024.12.04"]
[SourceVersion "1"]
[SourceVersionDate "2024.12.04"]
[SourceQuality "1"]

1. e4 e5 2. Nf3 Nc6 3. Bb5 Nf6 4. 0-0 Nxe4 5. Re1 Nd6 6. Nxe5 Be7 7. Bf1 Nf5 8. Nf3 d5 9. d4 0-0 10. Nc3 Bb4 11. a3 Bxc3 12. bxc3 Nd6 13. Bf4 Ne7 14. h3 Ng6 15. Bh2 Bf5 16. Bd3 Bxd3 17. cxd3 Nf5 18. Ne5 Nxe5 19. Rxe5 Ne7 20. Qb3 f6 21. Re2 b6 22. Rae1 Ng6 23. c4 dxc4 24. Qxc4+ Kh8 25. Bxc7 Qd7 26. d5 b5 27. Qc5 Rac8 28. d6 Ne5 29. Re3 Qf7 30. d4 Nc4 31. Re7 Qg6 32. d7 Ra8 33. Qxb5 Nd2 34. Qd5 h6 35. d8Q 1-0

[Event "CHN-ch Rapid"]
[Site "Hohhot"]
[Date "2024.11.13"]
[Round "6"]
[White "Ma, Qun"]
[Black "Li, Shilong"]
[Result "0-1"]
[WhiteElo "2608"]
[BlackElo "2531"]
[PlyCount "66"]
[EventDate "2024.11.12"]
[EventType "swiss (rapid)"]
[EventRounds "9"]
[EventCountry "CHN"]
[SourceTitle "CB49_2024"]
[SourceDate "2024.12.04"]
[SourceVersion "1"]
[SourceVersionDate "2024.12.04"]
[SourceQuality "1"]

1. e4 e5 2. Nf3 Nc6 3. Bb5 a6 4. Ba4 Nf6 5. 0-0 d6 6. Re1 Bd7 7. c3 g6 8. d4 Bg7 9. Bc2 0-0 10. h3 Nh5 11. Be3 Kh8 12. Nbd2 Qe8 13. Nf1 f5 14. exf5 gxf5 15. dxe5 dxe5 16. Bg5 h6 17. Bh4 e4 18. Ng3 Nf4 19. Qd2 Ng6 20. Nxe4 fxe4 21. Bxe4 Qf7 22. Qc2 Nf4 23. Bg3 Rae8 24. Nh4 Ne5 25. Re3 Bf6 26. Rae1 Bxh4 27. Bxh4 Rg8 28. Bg3 Nh5 29. Bd5 Qxd5 30. Rxe5 Nxg3 31. f4 Rxe5 32. Rxe5 Qf7 33. Qf2 Bc6 0-1

[Event "CHN-ch Rapid"]
[Site "Hohhot"]
[Date "2024.11.12"]
[Round "1"]
[White "Chen, Peng"]
[Black "Ma, Qun"]
[Result "0-1"]
[WhiteElo "2363"]
[BlackElo "2608"]
[PlyCount "80"]
[EventDate "2024.11.12"]
[EventType "swiss (rapid)"]
[EventRounds "9"]
[EventCountry "CHN"]
[SourceTitle "CB49_2024"]
[SourceDate "2024.12.04"]
[SourceVersion "1"]
[SourceVersionDate "2024.12.04"]
[SourceQuality "1"]

1. c4 e5 2. g3 c6 3. d4 e4 4. Nc3 Nf6 5. Bg5 Bb4 6. Qb3 Bxc3+ 7. bxc3 0-0 8. Bg2 Re8 9. Nh3 d6 10. 0-0 Nbd7 11. Rad1 h6 12. Bc1 Nf8 13. f3 Rb8 14. fxe4 Nxe4 15. Qc2 Qe7 16. Rf4 Nf6 17. Re1 Be6 18. Qd3 b5 19. cxb5 cxb5 20. e4 Bxa2 21. Rf2 Be6 22. Nf4 Bc4 23. Qc2 a5 24. h3 Rbc8 25. Ba3 Qd8 26. Qd2 Ne6 27. Nxe6 Rxe6 28. Rf5 Qe8 29. e5 dxe5 30. Rfxe5 Qd7 31. g4 Rce8 32. Qf2 Bd5 33. Bf1 Qc6 34. Qe3 Ne4 35. Rxe6 Rxe6 36. Rc1 Ng5 37. Qf4 Rf6 38. Qb8+ Kh7 39. Bd3+ Be4 40. Qxb5 Nf3+ 0-1

[Event "CHN-ch Rapid"]
[Site "Hohhot"]
[Date "2024.11.12"]
[Round "4"]
[White "Ma, Qun"]
[Black "Dai, Changren"]
[Result "1-0"]
[WhiteElo "2608"]
[BlackElo "2409"]
[PlyCount "79"]
[EventDate "2024.11.12"]
[EventType "swiss (rapid)"]
[EventRounds "9"]
[EventCountry "CHN"]
[SourceTitle "CB49_2024"]
[SourceDate "2024.12.04"]
[SourceVersion "1"]
[SourceVersionDate "2024.12.04"]
[SourceQuality "1"]

1. Nf3 d5 2. e3 Nf6 3. c4 e6 4. b3 Bd6 5. Bb2 0-0 6. Nc3 Re8 7. Nb5 Be7 8. Rc1 c6 9. Nc3 Nbd7 10. Qc2 b6 11. d4 Bb7 12. Bd3 h6 13. 0-0 c5 14. cxd5 Nxd5 15. Nxd5 Bxd5 16. e4 Bb7 17. Rfd1 cxd4 18. Nxd4 Rc8 19. Qe2 Rxc1 20. Bxc1 Qa8 21. Bb5 Rd8 22. Nxe6 fxe6 23. Bxd7 Bxe4 24. Bxe6+ Kh8 25. Rxd8+ Qxd8 26. Bc4 Bg6 27. Bf4 Bf6 28. Qe5 Kh7 29. Qe6 Bb1 30. a4 Bd4 31. Bg3 a5 32. Qe2 Bg6 33. Bd3 Qf6 34. Qc2 Kg8 35. Qc4+ Kh7 36. Qd5 Qd6 37. Bxd6 h5 38. Qe6 Bc3 39. Bb4 Bb2 40. Bc5 1-0